Normal view MARC view
  • Cabello Heras, Rodolfo

Entry Nombre Personal

Number of records used in: 1

001 - NUMERO DE CONTROL

  • campo de control: 46002

003 - IDENTIFICADOR DE NUMERO DE CONTROL

  • campo de control: UPN

005 - FECHA Y HORA DE LA ÜLTIMA TRANSACCIÓN

  • campo de control: 20220919093029.0

008 - DATOS DE LONGITUD FIJA

  • campo de control de longitud fija: 220901|| aca||aabn | a|a d

040 ## - FUENTE DE CATALOGACIÓN

  • Agencia original de catalogación: MX-MxUPN
  • Lenguaje de catalogación: spa
  • Agencia de transcripción: MX-MxUPN

100 1# - ENCABEZAMIENTO - NOMBRE PERSONAL

  • Nombre personal: Cabello Heras, Rodolfo

400 1# - VEÁSE - NOMBRE DE PERSONA

  • Personal name: Heras, Rodolfo Cabello

670 ## - FUENTE EN LA QUE SE LOCALIZARON DATOS

  • Cita de la fuente: En la obra: Dinámica de grupos, 1982:
  • Información localizada: reverso de la portada (Traducción de Rodolfo Cabello Heras)

902 ## - CATALOGADOR

  • Catalogador: NDAF/190922